| 000 | 02464nam a2200289 a 4500 | ||
|---|---|---|---|
| 003 | OSt | ||
| 005 | 20251111105302.0 | ||
| 007 | cr ||||||a|c|a | ||
| 008 | 231206s2019 mx a|||fom||| 001 0 spa d | ||
| 040 | _erda | ||
| 100 | 1 |
_9188413 _aVásquez Caballero, Heliberto |
|
| 245 | 1 | 0 |
_aIdentificación de razas fisiológicas de puccinia triticina E. en triticum aestivum L. mediante plantas diferenciales / _cpor Heliberto Vásquez Caballero; director de tesis Santos Gerardo Leyva Mir. |
| 264 | 1 |
_aChapingo, México : _bEl autor, _c2019. |
|
| 300 |
_a1 recurso en línea (65 páginas): _bcuadros, figuras. |
||
| 336 |
_2rdacontent _atexto _btxt |
||
| 337 |
_2rdamedia _acomputadora _bc |
||
| 338 |
_2rdacarrier _arecurso en línea _bcr |
||
| 502 |
_bIAEPA _cParasitología _d2019. _gLIC |
||
| 504 | _aIncluye referencias bibliográficas: páginas 60-65. | ||
| 520 | _aLa roya de la hoja causada por el hongo Puccinia triticina E. es una enfermedad común e importante del trigo harinero (Triticum aestivum) en México, la población de esta enfermedad es altamente variable y las razas del patógeno se incrementan en frecuencia paralelamente al incremento del área de los cultivares susceptibles. Para identificar las razas fisiológicas de la roya en trigo harinero en zonas productoras de Coahuila, Tamaulipas y Sonora se colectaron 190 muestras de lotes comerciales, viveros trampa y ensayos de rendimiento, estas muestras se llevaron al Laboratorio Nacional de Royas y Otras Enfermedades de Cereales (LANAREC) está ubicado en Campo Experimental Valle de México (CEVAMEX) del Instituto Nacional de Investigaciones Forestales, Agrícolas y Pecuarias (INIFAP). Para identificar las razas fisiológicas se usaron 20 diferenciales. Los resultados permitieron identificar 19 razas; la más frecuente fue MRT/RP (14.92%) seguida de MST/SP (10.44%), mientras que las razas en menos proporción fueron MBG/BL, MDH/SP y MLG/RP (1.49%). La raza MKT/SP y MRT/RP fueron las más distribuidas. Todas las razas fueron virulentas para el gen Lr10, pero avirulenta para el gen Lr19. | ||
| 650 | 4 |
_9115018 _aTrigo _xEnfermedades por hongos |
|
| 650 | 7 |
_9188414 _aRoya del trigo _xIdentificación |
|
| 650 | 7 |
_9188415 _aPuccinia triticiana _xIdentificación _zMéxico |
|
| 700 | 1 |
_aLeyva Mir, Santos Gerardo _edirector. _966581 |
|
| 856 |
_uhttp://10.13.5.2/tesis/tl/Vasquez_Caballero_Heriberto.pdf _zDESCARGAR PDF |
||
| 942 |
_2Clasificación Universidad Autónoma Chapingo _cTD |
||
| 999 |
_c219502 _d219502 |
||